Consuming cities (Record no. 3261)

000 -LEADER
fixed length control field 00826nam a22002534a 4500
001 - CONTROL NUMBER
control field 3261
003 - CONTROL NUMBER IDENTIFIER
control field BD-DhUET
008 - FIXED-LENGTH DATA ELEMENTS--GENERAL INFORMATION
fixed length control field 990210s2000 enka b 001 0 eng
020 ## - INTERNATIONAL STANDARD BOOK NUMBER
International Standard Book Number 0415187680
040 ## - CATALOGING SOURCE
Original cataloging agency DLC
Transcribing agency DLC
Modifying agency BD-DhUET
082 00 - DEWEY DECIMAL CLASSIFICATION NUMBER
Classification number 304.2091732
Item number LOW/2000
100 ## - MAIN ENTRY--PERSONAL NAME
Personal name Low, Nicholas
245 00 - TITLE STATEMENT
Title Consuming cities
Remainder of title the urban environment in the global economy after the Rio Declaration
Statement of responsibility, etc. edited by Nicholas Low ... [et al.].
260 ## - PUBLICATION, DISTRIBUTION, ETC. (IMPRINT)
Place of publication, distribution, etc. London
Name of publisher, distributor, etc. Routledge
Date of publication, distribution, etc. 2000
300 ## - PHYSICAL DESCRIPTION
Extent xiii, 315 p.
Other physical details ill., maps
Dimensions 24 cm.
504 ## - BIBLIOGRAPHY, ETC. NOTE
Bibliography, etc Includes bibliographies
650 #0 - SUBJECT ADDED ENTRY--TOPICAL TERM
Topical term or geographic name as entry element Urban ecology (Sociology)
650 #0 - SUBJECT ADDED ENTRY--TOPICAL TERM
Topical term or geographic name as entry element Sustainable development
700 ## - ADDED ENTRY--PERSONAL NAME
Personal name Gleeson, Brendan
700 ## - ADDED ENTRY--PERSONAL NAME
Personal name Lidskog, Rolf
700 ## - ADDED ENTRY--PERSONAL NAME
Personal name Elander, Ingemar
942 ## - ADDED ENTRY ELEMENTS (KOHA)
Koha item type Edited Book
856 42 - ELECTRONIC LOCATION AND ACCESS
Uniform Resource Identifier http://www.loc.gov/catdir/enhancements/fy0649/99018549-d.html
Holdings
Price effective from Not for loan Koha item type Koha normalized classification for sorting Piece designation (barcode) Lost status Sublocation or collection (holding branch) Withdrawn status Source of classification or shelving scheme Date acquired Shelving location Damaged status Koha date last seen Copy number Location (home branch) Koha full call number
2014-10-22 Edited Book304_000000000000000_2091732LOW98323 Central Library, BUET  2014-10-22Circulation section 2014-10-221Central Library, BUET304.2091732/LOW/2000